000 00775cam a22001934a 4500
005 20250605164345.0
008 250528s ||||||||||||||||||||||||d
035 _a23866
040 _aGR-AtMCL
_bgre
_dGR-AtMCL
_eAACR2
245 1 _aDrawing Conclusions From Children's Art / Myers Lecture, Emotional Intelligence, Interpreters
260 _c2004
300 _a63
520 _aDrawing Conclusions From Children's Art, Coloured Thinking, Emotional Intelligence, All for One and One for All?, Now You're Talking My Language, Viva Nacho! Liberating Psychology in Latin America, Zen and the Art of Journal Article Reviewing.
700 1 _aSutton Jon
_99351
942 _cCR
710 2 _aThe British Psychological Society
_99823
999 _c8785
_d8785